Las Cortes de Cádiz en el Oratorio de San Felipe (Record no. 31580)

MARC details
000 -LEADER
campo de control de longitud fija 00856nam a2200241 i 4500
001 - NÚMERO DE CONTROL
campo de control 31580
003 - IDENTIFICADOR DE NÚMERO DE CONTROL
campo de control ES-MaACL
005 - FECHA Y HORA DE LA ÚLTIMA TRANSACCIÓN
campo de control 20250811052457.0
007 - CAMPO FIJO DE DESCRIPCIÓN FÍSICA--INFORMACIÓN GENERAL
campo de control de longitud fija t|
008 - DATOS DE LONGITUD FIJA--INFORMACIÓN GENERAL
campo de control de longitud fija 030129s1912 sp |||| | spa d
080 ## - NÚMERO DE LA CLASIFICACIÓN DECIMAL UNIVERSAL
Número de la Clasificación Decimal Universal 328(460)"1808/14"
100 1# - ENTRADA PRINCIPAL--NOMBRE DE PERSONA
Nombre de persona Belda Carreras, José
9 (RLIN) 27140
245 14 - MENCIÓN DEL TÍTULO
Título Las Cortes de Cádiz en el Oratorio de San Felipe
Resto del título : notas históricas /
Mención de responsabilidad, etc. por José Belda y Rafael M. de Labra (hijo).
260 ## - PUBLICACIÓN, DISTRIBUCIÓN, ETC.
Lugar de publicación, distribución, etc. Madrid :
Nombre del editor, distribuidor, etc. Imp. de Fortanet,
Fecha de publicación, distribución, etc. 1912.
300 ## - DESCRIPCIÓN FÍSICA
Extensión 110 p., [3] h. de lám. ;
Dimensiones 22 cm.
504 ## - NOTA DE BIBLIOGRAFÍA, ETC.
Nota de bibliografía, etc. Referencias bibliográficas: p. 109-110.
594 ## - Nota al título y mención de responsabilidad
Nota al título y mención de responsabilidad Precede al titulo: El Centenario de 1812.
610 14 - PUNTO DE ACCESO ADICIONAL DE MATERIA--NOMBRE DE ENTIDAD CORPORATIVA
Nombre de entidad corporativa o nombre de jurisdicción como elemento de entrada España.
Unidad subordinada Cortes de Cádiz
9 (RLIN) 3663
700 1# - ENTRADA AGREGADA--NOMBRE PERSONAL
Nombre de persona Labra y Martínez, Rafael María de,
Fechas asociadas al nombre n. 1886
9 (RLIN) 69276
852 ## - LOCALIZACIÓN
Ubicación ES-MaACL
Número de control de estantería D-4835
852 ## - LOCALIZACIÓN
Ubicación ES-MaACL
Número de control de estantería T-1327-F-4
Holdings
Estatus retirado Estado de pérdida Estado de daño No para préstamo Colección Biblioteca de origen Biblioteca actual Ubicación en estantería Fecha de adquisición Fuente de adquisición Total de préstamos Signatura topográfica completa Código de barras Visto por última vez Precio de reemplazo Tipo de ítem Koha
        Colección de folletos Biblioteca del Ateneo de Madrid Biblioteca del Ateneo de Madrid Depósito folletos 17/01/2008     T-1327-F-4 1032637 23/02/2023 23/02/2023 Folleto
          Biblioteca del Ateneo de Madrid Biblioteca del Ateneo de Madrid Sala Valle Inclán 17/01/2008     D-4835 901032636 23/02/2023 23/02/2023 Libro impreso